000 01023nam a2200265u 4500
005 00000000000000.0
008 810522s1962 nyua j 00| 1 eng
010 _aB-345525
020 _a9780746057780
_c65.00
020 _a0746057784
_c65.00
035 _aB-345525
037 _bTarun Books
040 _adpl
_bEnglish
082 _aS
100 _aPunter, Russell
245 _aStories of ghosts /
_cby Russell Punter; illustrated by Mike Phillips
260 _aLondon
_bUsborne Publishing
_c2004
270 _aUsborne House, 83-85 Saffron Hill,
_bLondon
300 _a48p. :
_bill.
_c20cm (pbk)
490 _aUsborne young reading ;edited by Lesley Sims
_vseries one
700 _aPhillips, Mike
942 _2ddc
_cCH
_hS
_mPUN
999 _c21693
_d21693